[Event "Match"]
[Site "www.echecsemail.com"]
[Date "2014.12.22"]
[Round "1"]
[White "Harrytheking"]
[Black "Generalfree"]
[WhiteElo "1760"]
[BlackElo "1770"]
[Result "0-1"]
[Round "1"]
1.c4 d5
2.e3 dxc4
3.Bf1xc4 h5
4.Qd1f3 Ng8f6
5.Nb1c3 c6
6.Ng1h3 Bc8g4
7.Qf3f4 b5
8.Nc3xb5 cxb5
9.Bc4xb5 Nb8d7
10.O-O Bg4xh3
11.gxh3 a6
12.Bb5c6 Ra8c8
13.Bc6b7 e5
14.Qf4a4 Rc8c7
15.Bb7xa6 Rc7a7
16.Qa4c4 Nd7b6
17.Qc4b5 Nf6d7
18.d4 exd4
19.exd4 Bf8e7
20.Qb5e2 g6
21.Ba6b5 O-O
22.Bc1h6 Rf8e8
23.b3 Qd8c8
24.Qe2b2 Re8d8
25.Bb5xd7 Ra7xd7
26.d5 f6
27.Rf1e1 Nb6xd5
28.a4 Be7b4
29.Re1c1 Nd5c3
30.Rc1c2 Rd7d1
31.Ra1xd1 Rd8xd1
32.Kg2 Qc8c6
33.f3 Rd1d3
34.Kg1 Qc6xf3
35.Rc2c1 Rd3d1
36.Rc1xd1 Qf3xd1
37.Kf2 Bb4c5
38.Kg3 Nc3e2
{ resign }
0-1

[Event "Match"]
[Site "www.echecsemail.com"]
[Date "2014.12.22"]
[Round "1"]
[White "Odrum1"]
[Black "Delacey"]
[WhiteElo "1430"]
[BlackElo "1639"]
[Result "0-1"]
[Round "1"]
1.e4 c5
2.Ng1f3 d6
3.d4 cxd4
4.Nf3xd4 a6
5.Bf1c4 e6
6.O-O Bf8e7
7.Nb1c3 Ng8f6
8.Bc1e3 O-O
9.Nd4f3 Nb8c6
10.Qd1e2 b5
11.Bc4b3 Nc6a5
12.Nf3g5 Bc8b7
13.Ra1d1 h6
14.Ng5f3 Nf6xe4
{ resign }
0-1

[Event "Match"]
[Site "www.echecsemail.com"]
[Date "2014.12.22"]
[Round "1"]
[White "Bojan"]
[Black "Mitja"]
[WhiteElo "1890"]
[BlackElo "1900"]
[Result "1-0"]
[Round "1"]
1.Ng1f3 d5
2.e3 c6
3.c4 dxc4
4.Bf1xc4 e6
5.d4 Ng8f6
6.Nb1c3 Nb8d7
7.a3 Nd7b6
8.Bc4d3 Bf8e7
9.Bc1d2 Nf6d5
10.Nc3a4 Nb6xa4
11.Qd1xa4 Nd5b6
12.Qa4c2 Qd8c7
13.Bd3xh7 g6
14.Bh7xg6 fxg6
15.Qc2xg6 Kd8
16.Nf3e5 Rh8f8
17.Ne5f7 Kd7
18.b3 c5
19.Ra1c1 Qc7c6
20.f3 Nb6d5
21.Nf7e5 { resign }
1-0

[Event "Match"]
[Site "www.echecsemail.com"]
[Date "2014.12.22"]
[Round "1"]
[White "Billyg"]
[Black "Odrum1"]
[WhiteElo "1560"]
[BlackElo "1430"]
[Result "1-0"]
[Round "1"]
1.e4 c5
2.d4 e6
3.Bc1e3 cxd4
4.Be3xd4 d5
5.f3 Nb8c6
6.Bf1b5 Bc8d7
7.Bb5xc6 Bd7xc6
8.Ng1e2 Ng8f6
9.Bd4xf6 Qd8xf6
10.c3 Bf8c5
11.b4 Bc5d6
12.O-O O-O-O
13.Ne2d4 Bc6d7
14.g3 { resign }
1-0

[Event "Match"]
[Site "www.echecsemail.com"]
[Date "2014.12.22"]
[Round "1"]
[White "Vladvuckovic"]
[Black "Louis"]
[WhiteElo "2790"]
[BlackElo "1900"]
[Result "1-0"]
[Round "1"]
1.d4 Ng8f6
2.c4 g6
3.Nb1c3 Bf8g7
4.e4 d6
5.Ng1f3 O-O
6.Bf1e2 e5
7.O-O Nb8c6
8.d5 Nc6e7
9.Nf3e1 Nf6d7
10.Bc1e3 f5
11.f3 f4
12.Be3f2 b6
13.b4 Rf8f6
14.Ne1d3 a5
15.a3 Bc8a6
16.bxa5 { resign }
1-0

[Event "Match"]
[Site "www.echecsemail.com"]
[Date "2014.12.22"]
[Round "1"]
[White "Maestro"]
[Black "Joseph1983"]
[WhiteElo "1990"]
[BlackElo "2190"]
[Result "1/2-1/2"]
[Round "1"]
1.d4 Ng8f6
2.c4 g6
3.Nb1c3 d5
4.e3 Bf8g7
5.Ng1f3 O-O
6.cxd5 Nf6xd5
7.Bf1c4 Nd5xc3
8.bxc3 c5
9.O-O cxd4
10.cxd4 Nb8c6
11.Bc1d2 e5
12.d5 Nc6a5
13.Bd2xa5 Qd8xa5
14.e4 Bc8d7
15.Ra1b1 b5
16.Bc4b3 Qa5b6
17.Qd1d2 Qb6d6
18.Rf1c1 Ra8c8
19.h3 Kh8
20.Qd2a5 a6
21.Nf3e1 f5
22.f3 fxe4
23.fxe4 Bg7h6
24.Rc1xc8 Rf8xc8
25.Ne1f3 Rc8f8
26.Qa5c3 Rf8c8
27.Qc3xe5 Qd6xe5
28.Nf3xe5 Bd7e8
29.Ne5g4 Bh6g7
30.e5 h5
31.Ng4f6 Bg7xf6
32.exf6 Be8f7
33.d6 Bf7xb3
34.axb3 Kg8
35.d7 Rc8d8
36.Rb1d1 Kf7
37.Rd1d6 a5
38.Kf2 a4
39.bxa4 bxa4
40.Rd6a6 Rd8xd7
41.Ra6xa4 Kxf6
42.Ra4a2 g5
43.g3 Rd7d5
44.Ra2a3 g4
45.hxg4 hxg4
46.Ke3 Kf5
{ draw }
1/2-1/2

[Event "Match"]
[Site "www.echecsemail.com"]
[Date "2014.12.22"]
[Round "1"]
[White "Generalfree"]
[Black "Louis"]
[WhiteElo "1780"]
[BlackElo "1860"]
[Result "1-0"]
[Round "1"]
1.e4 Ng8f6
2.e5 Nf6d5
3.c4 Nd5b6
4.a4 a5
5.Nb1c3 d6
6.exd6 exd6
7.Ng1f3 Nb8c6
8.b3 Nc6b4
9.Bc1a3 Bc8f5
10.Ba3xb4 axb4
11.Nc3e2 g5
12.Ne2d4 Bf5g6
13.g4 Bf8g7
14.Qd1e2 Kd7
15.Bf1g2 Rh8e8
16.Qe2xe8 Qd8xe8
17.Nd4e2 Bg7xa1
18.d4 Bg6d3
19.Nf3e5 dxe5
20.Bg2xb7 exd4
21.O-O Qe8xe2
22.Rf1xa1 Qe2xg4
23.Kh1 Ra8e8
24.a5 c6
25.axb6 { resign }
1-0

[Event "Match"]
[Site "www.echecsemail.com"]
[Date "2014.12.22"]
[Round "1"]
[White "Bojan"]
[Black "Mitja"]
[WhiteElo "1920"]
[BlackElo "1910"]
[Result "0-1"]
[Round "1"]
1.d4 d5
2.e3 e6
3.Bc1d2 a6
4.c4 dxc4
5.Bf1xc4 Ng8f6
6.Nb1c3 Nb8d7
7.Qd1f3 Nd7b6
8.Bc4b3 c6
9.Ng1e2 Qd8c7
10.Ra1c1 Bf8d6
11.e4 e5
12.d5 Bc8g4
13.Qf3g3 O-O
14.f3 Bg4d7
15.Bd2h6 Nf6e8
16.Bh6e3 f5
17.Qg3h4 f4
18.Be3d2 c5
19.Kf2 Nb6c8
20.g4 b5
21.a3 c4
22.Bb3c2 Bd6c5
23.Kf1 Ne8d6
24.Nc3a2 Nc8b6
25.Na2c3 Nd6f7
26.Ne2g1 h6
27.Qh4e1 g5
28.h4 Kg7
29.Rc1a1 Nb6a4
30.Nc3xa4 bxa4
31.Ng1e2 Bd7b5
32.Kg2 Qc7b6
33.Ra1b1 Bc5e3
34.Bd2b4 Rf8h8
35.Ne2c3 Qb6f6
36.Nc3xa4 Bb5xa4
37.Bc2xa4 h5
38.hxg5 Qf6xg5
39.Rh1h4 Kf6
40.Ba4d7 hxg4
41.Rh4xh8 gxf3
42.Kxf3 Ra8xh8
43.Rb1d1 Qg5h5
44.Bd7g4 Nf7g5
{ resign }
0-1

[Event "Match"]
[Site "www.echecsemail.com"]
[Date "2014.12.22"]
[Round "1"]
[White "Generalfree"]
[Black "Nestor"]
[WhiteElo "1700"]
[BlackElo "2060"]
[Result "0-1"]
[Round "1"]
1.e4 Ng8f6
2.e5 Nf6d5
3.c4 Nd5b6
4.Nb1c3 g6
5.c5 Bf8g7
6.d4 d5
7.cxb6 axb6
8.g3 O-O
9.Bf1g2 e6
10.a4 c5
11.f4 Bc8d7
12.b3 cxd4
13.Qd1xd4 b5
14.Bc1b2 bxa4
15.bxa4 Nb8c6
16.Qd4d1 Qd8a5
17.Ng1e2 Qa5b6
18.Ra1b1 d4
19.Bb2a3 Qb6a5
20.Rb1b5 Qa5a6
21.Ba3xf8 Bg7xf8
22.Ne2xd4 Nc6xd4
23.Bg2xb7 Qa6a7
24.Bb7xa8 Nd4xb5
25.axb5 Qa7xa8
26.Rh1f1 Bd7xb5
27.Nc3xb5 Bf8b4
28.Ke2 Qa8e4
29.Kf2 Bb4c5
{ resign }
0-1

[Event "Match"]
[Site "www.echecsemail.com"]
[Date "2014.12.22"]
[Round "1"]
[White "Fkarpov"]
[Black "Skorpio47"]
[WhiteElo "1499"]
[BlackElo "1499"]
[Result "1-0"]
[Round "1"]
1.e4 e5
2.Ng1f3 Nb8c6
3.Bf1b5 a6
4.Bb5xc6 dxc6
5.d3 Bf8d6
6.h3 Ng8f6
7.Bc1g5 h6
8.Bg5xf6 Qd8xf6
9.Nb1d2 O-O
10.Qd1e2 Qf6g6
11.Nf3h4 Qg6f6
12.Qe2f3 Qf6xh4
13.g3 Qh4e7
14.c3 Bc8e6
15.b3 Ra8d8
16.Ra1d1 b6
17.d4 exd4
18.cxd4  { time }
1-0

[Event "Match"]
[Site "www.echecsemail.com"]
[Date "2014.12.22"]
[Round "1"]
[White "Blackpool"]
[Black "Mrmoto"]
[WhiteElo "1720"]
[BlackElo "1540"]
[Result "1-0"]
[Round "1"]
1.Ng1f3 d5
2.d4 Nb8c6
3.Bc1f4 Bc8f5
4.c3 f6
5.e3 h6
6.Bf1d3 Bf5xd3
7.Qd1xd3 Qd8d7
8.Qd3g6 Kd8
9.Nb1d2 e6
10.O-O-O Ng8e7
11.Qg6d3 e5
12.dxe5 fxe5
13.Nf3xe5 Nc6xe5
14.Bf4xe5 Qd7f5
15.Qd3xf5 Ne7xf5
16.Nd2f3 c6
17.c4 Ke8
18.cxd5 Ra8d8
19.dxc6 bxc6
20.Rd1xd8 Kxd8
21.Rh1d1 Kc8
22.Nf3d4 Nf5e7
23.Be5d6 Kd7
24.Bd6xe7 Bf8xe7
25.Nd4f5 Ke6
26.Nf5xe7 Kxe7
27.Kc2 Rh8c8
28.Kc3 Ke6
29.e4 g5
30.f3 Ke5
31.Kc4 { resign }
1-0

[Event "1/64 Finale"]
[Site "www.chess-mail.com"]
[Date "2014.12.22"]
[Round "1"]
[White "Winterlude"]
[Black "Chiccogianca"]
[WhiteElo "2540"]
[BlackElo "2019"]
[Result "1-0"]
[Round "1"]
1.e4 b6
2.d4 Bc8b7
3.Bf1d3 g6
4.Ng1f3 Bf8g7
5.O-O e6
6.c4 d6
7.Nb1c3 Ng8e7
8.Bc1e3 Nb8d7
9.Qd1e2 O-O
10.Bd3c2 a6
11.Rf1d1 Ne7c6
12.Bc2a4 Nc6e7
13.a3 h6
14.h3 Kh7
15.Ra1b1 f5
16.e5 d5
17.Be3g5 c5
18.Bg5h4 g5
19.Bh4xg5 Rf8f7
20.cxd5 hxg5
21.Nf3xg5 Kg8
22.Qe2h5 Nd7f8
23.dxe6 Rf7f6
24.exf6 Bg7xf6
25.Qh5f7 Kh8
26.Qf7xf6 Kg8
27.Ng5f7 Qd8c7
28.Qf6h8 
1-0

[Event "Eq:Good team-Clubul Central de Sah : "]
[Site "www.chess-mail.com"]
[Date "2014.12.22"]
[Round "1"]
[White "Stepanpech"]
[Black "Rocadamica"]
[WhiteElo "2730"]
[BlackElo "2790"]
[Result "0-1"]
[Round "1"]
1.d4 Ng8f6
2.c4 e6
3.Nb1c3 Bf8b4
4.e3 O-O
5.Bf1d3 d5
6.Ng1f3 c5
7.O-O Nb8c6
8.a3 Bb4xc3
9.bxc3 dxc4
10.Bd3xc4 Qd8c7
11.Bc4d3 e5
12.Qd1c2 Rf8e8
13.Nf3xe5 Nc6xe5
14.dxe5 Qc7xe5
15.f3 Bc8e6
16.Rf1e1 c4
17.Bd3f1 Nf6d7
18.e4 Qe5c7
19.Bc1e3 Nd7c5
20.Ra1d1 Nc5b3
21.a4 Ra8c8
22.f4 b6
23.e5 g6
24.Rd1d6 Nb3c5
25.Re1d1 Be6f5
26.Qc2b2 Bf5d3
27.Be3xc5 Qc7xc5
28.Qb2f2 Qc5a5
29.Qf2d4 Bd3xf1
30.Rd1xf1 Qa5xa4
31.f5 Qa4b5
32.e6 fxe6
 { time }
0-1

[Event "Eq:Good team-Clubul Central de Sah : "]
[Site "www.chess-mail.com"]
[Date "2014.12.22"]
[Round "1"]
[White "Rocadamica"]
[Black "Stepanpech"]
[WhiteElo "2790"]
[BlackElo "2730"]
[Result "1-0"]
[Round "1"]
1.d4 Ng8f6
2.c4 g6
3.Nb1c3 Bf8g7
4.e4 d6
5.Ng1f3 O-O
6.Bf1e2 e5
7.O-O Nb8c6
8.d5 Nc6e7
9.Nf3e1 Nf6d7
10.Bc1e3 f5
11.f3 f4
12.Be3f2 g5
13.Ne1d3 Ne7g6
14.c5 Nd7f6
15.Ra1c1 Rf8f7
16.a4 a6
17.a5 Bg7f8
18.cxd6 cxd6
19.b4 Bc8d7
20.Nd3b2 Ra8c8
21.Nb2a4 g4
22.fxg4 Nf6xe4
23.Nc3xe4 Rc8xc1
24.Qd1xc1 Bd7xa4
25.Qc1d2 Bf8e7
26.Rf1a1 Qd8d7
27.Ne4c3 Ba4b5
28.Nc3xb5 axb5
29.Qd2c2 Be7h4
30.g3 Bh4d8
31.Kg2  { time }
1-0

[Event "Eq:Slap Shot Mates-Los Tercios : "]
[Site "www.chess-mail.com"]
[Date "2014.12.22"]
[Round "1"]
[White "Leswamp"]
[Black "Shihchuliao"]
[WhiteElo "2440"]
[BlackElo "1940"]
[Result "1-0"]
[Round "1"]
1.d4 e6
2.e4 d5
3.Nb1d2 a6
4.Ng1f3 Bf8b4
5.c3 Bb4e7
6.Bf1d3 c6
7.e5 Nb8d7
8.O-O Ng8h6
9.Nf3e1 Nh6f5
10.g4 Nf5h6
11.f4 Be7h4
12.Ne1g2 Bh4e7
13.Kh1 c5
14.Qd1f3 c4
15.Bd3c2 O-O
16.Rf1g1 Kh8
17.Nd2f1 Rf8g8
18.f5 Be7g5
19.Bc1xg5 Qd8xg5
20.Ng2e3 exf5
21.Ne3xf5 Nd7f8
22.Nf5d6 Bc8e6
23.Bc2f5 Be6xf5
24.gxf5 Qg5e7
25.Nf1e3 f6
26.Ne3xd5 Qe7d8
27.Nd6xb7 Qd8b8
28.Nd5e7 Qb8xb7
29.Qf3xb7 Nh6xf5
30.Ne7xf5 Nf8g6
31.exf6 gxf6
32.Nf5e7 Ng6xe7
33.Qb7xe7 Rg8g6
34.Rg1xg6 hxg6
35.Ra1g1 Ra8g8
36.Rg1g3 Rg8g7
37.Rg3h3 { resign }
1-0

[Event "Eq:La Taverne-Team USA : "]
[Site "www.chess-mail.com"]
[Date "2014.12.22"]
[Round "1"]
[White "Tomcapp"]
[Black "Luban"]
[WhiteElo "1470"]
[BlackElo "2030"]
[Result "0-1"]
[Round "1"]
1.e4 c5
2.Bf1c4 e6
3.Ng1f3 a6
4.Nb1c3 b5
5.Bc4e2 Bc8b7
6.d4 cxd4
7.Nf3xd4 Nb8c6
8.Nd4xc6 dxc6
9.Bc1f4 Bf8e7
10.Qd1xd8 Ra8xd8
11.e5 Be7b4
12.O-O Bb4xc3
13.bxc3 Ng8e7
14.c4 O-O
15.a4 b4
16.c5 Ne7d5
17.h3 Nd5xf4
18.Be2f3 Nf4d5
19.Bf3xd5 Rd8xd5
20.f4 Rd5xc5
21.a5 Rc5xc2
22.f5 c5
23.fxe6 Rc2xg2
24.Kh1 fxe6
25.Rf1xf8 Kxf8
26.Ra1f1 Rg2f2
27.Kg1 Rf2xf1
28.Kxf1 b3
29.Ke1 b2
30.Kd2 b1Q
31.Ke3 Qb1e4
{ resign }
0-1

[Event "Fast Game"]
[Site "www.echecsemail.com"]
[Date "2014.12.22"]
[Round "1"]
[White "Fkarpov"]
[Black "Tenzinnima"]
[WhiteElo "1800"]
[BlackElo "1819"]
[Result "1-0"]
[Round "1"]
1.d4 Ng8f6
2.e3 b6
3.Bf1d3 Bc8b7
4.Ng1f3 e6
5.Bc1d2 c5
6.O-O Bf8e7
7.Rf1e1 O-O
8.c4 Nf6e4
9.Bd3xe4 Bb7xe4
10.Nb1c3 Be4b7
11.b3 Nb8a6
12.a3 d5
13.Qd1c2 dxc4
14.bxc4 cxd4
15.Nf3xd4 e5
16.Nd4e2 Na6c5
17.Ne2c1 Qd8d6
18.f3 Rf8d8
19.Re1e2 Nc5d3
20.Nc1xd3 Qd6xd3
21.Qc2xd3 Rd8xd3
22.Kf2 Ra8d8
23.Ke1 Be7c5
24.e4 Bb7a6
25.Nc3b5 Ba6xb5
26.cxb5 Rd3xa3
27.Ra1xa3 Bc5xa3
28.Re2e3 Ba3c5
29.Re3b3 f6
30.Ke2 Kf7
31.Rb3d3 Ke7
32.Rd3xd8 Kxd8
33.g4 g5
34.Bd2e1 Kc7
35.h4 h6
36.h5 Kb7
37.Kd3 a6
38.bxa6 Kxa6
39.Kc4 Bc5f8
40.Kd5 b5
41.Ke6 b4
42.Kxf6 b3
43.Be1c3 Kb5
44.Bc3xe5 Kc4
45.Be5b2 Kd3
46.e5 Kc2
47.Bb2a1 Bf8b4
48.e6 Bb4c3
49.Ba1xc3 Kxc3
50.e7 b2
51.e8Q b1Q
52.Qe8e3 Qb1d3
53.Qe3xd3 { resign }
1-0

[Event "Tourn. n7867"]
[Site "www.chess-mail.com"]
[Date "2014.12.23"]
[Round "1"]
[White "Tartan"]
[Black "Bevittsmith"]
[WhiteElo "2370"]
[BlackElo "2210"]
[Result "1-0"]
[Round "1"]
1.d4 Ng8f6
2.c4 g6
3.Nb1c3 d5
4.cxd5 Nf6xd5
5.e4 Nd5xc3
6.bxc3 Bf8g7
7.Bf1c4 c5
8.Ng1e2 O-O
9.O-O Nb8c6
10.Bc1e3 cxd4
11.cxd4 Bc8g4
12.f3 Nc6a5
13.Bc4d5 Bg4d7
14.Ra1b1 a6
15.Bd5xb7 Ra8a7
16.Bb7d5 Bd7b5
17.a4 Bb5xe2
18.Qd1xe2 e6
19.Bd5c4 Bg7xd4
20.Rf1d1 Bd4xe3
21.Qe2xe3 Qd8a8
22.Bc4f1 Ra7b7
23.Rb1c1 Rf8b8
24.Rd1d6 { resign }
1-0

[Event "Tourn. n7898"]
[Site "www.chess-mail.com"]
[Date "2014.12.23"]
[Round "1"]
[White "Zazi"]
[Black "A27l"]
[WhiteElo "1530"]
[BlackElo "1420"]
[Result "1-0"]
[Round "1"]
1.d4 d5
2.e3 e6
3.Nb1c3 Ng8f6
4.Ng1f3 Bf8e7
5.h3 O-O
6.Nf3e5 Nb8d7
7.g4 h6
8.Qd1d3 Nd7xe5
9.dxe5 Nf6e8
10.f4 f6
11.exf6 Be7xf6
12.h4 c5
13.b3 Kf7
14.Bc1a3  { time }
1-0

[Event "Tourn. n7834"]
[Site "www.chess-mail.com"]
[Date "2014.12.23"]
[Round "1"]
[White "Vasylpuzanov"]
[Black "Anja"]
[WhiteElo "1870"]
[BlackElo "1790"]
[Result "1-0"]
[Round "1"]
1.e4 Ng8f6
2.Nb1c3 d5
3.exd5 Nf6xd5
4.Bf1e2 Nd5xc3
5.bxc3 e5
6.Ng1f3 Bf8d6
7.O-O O-O
8.d4 Nb8c6
9.Rf1e1 e4
10.Nf3g5 Bc8f5
11.Be2c4 h6
12.Ng5xe4 Bd6e7
13.Ne4g3 Bf5g6
14.Qd1g4 Qd8c8
15.Qg4xg6 Kh8
16.Bc4xf7 Be7f6
17.Bf7c4 Nc6e7
18.Re1xe7 Bf6xe7
19.Bc4d3 Kg8
20.Bc1xh6 Be7f6
21.Bd3c4 Kh8
22.Bh6xg7 { resign }
1-0

[Event "Tourn. n7941"]
[Site "www.chess-mail.com"]
[Date "2014.12.23"]
[Round "1"]
[White "Stevo100"]
[Black "Krasin"]
[WhiteElo "2040"]
[BlackElo "2170"]
[Result "1-0"]
[Round "1"]
1.d4 Ng8f6
2.Ng1f3 g6
3.e3 Bf8g7
4.Bf1d3 O-O
5.O-O d5
6.b3 c5
7.Bc1b2 Nf6e4
8.Nb1d2 cxd4
9.Nd2xe4 dxe3
10.Bb2xg7 dxe4
11.Bg7xf8 exd3
12.Qd1xd3 Qd8xd3
13.cxd3 e2
14.Rf1e1 Kxf8
15.Re1xe2 Nb8c6
16.h3 Bc8f5
17.Ra1d1 Ra8d8
18.Re2d2 e5
19.d4 exd4
20.Nf3xd4 Nc6xd4
21.Rd2xd4 Rd8xd4
22.Rd1xd4 Ke7
23.Kf1 Bf5b1
24.a3 Bb1c2
25.b4 Bc2b3
26.Ke2 b5
27.Ke3 h5
28.Rd4e4 Kd6
29.g4 hxg4
30.hxg4 Bb3d5
31.Re4d4 Kc6
32.Kf4 Kd6
33.Kg5 Ke5
34.Rd4d2 Bd5e6
35.f4 Ke4
36.Rd2e2 Kd5
37.f5 gxf5
38.gxf5 { resign }
1-0

[Event "Tourn. n7852"]
[Site "www.chess-mail.com"]
[Date "2014.12.23"]
[Round "1"]
[White "Osopanda"]
[Black "Falcoale"]
[WhiteElo "1940"]
[BlackElo "2080"]
[Result "1-0"]
[Round "1"]
1.c4 c5
2.Ng1f3 Nb8c6
3.d4 e6
4.d5 exd5
5.cxd5 Nc6b4
6.a3 Nb4a6
7.e4 d6
8.Nb1c3 Bc8d7
9.Bc1e3 Ng8f6
10.Bf1d3 b5
11.O-O Bd7g4
12.h3 Bg4h5
13.Bd3xb5 Nf6d7
14.Bb5xa6 Bf8e7
15.g4 Bh5g6
16.Ba6d3 O-O
17.Rf1e1 a6
18.Ra1c1 h5
19.e5 Nd7xe5
20.Nf3xe5 dxe5
21.Bd3xg6 fxg6
22.gxh5 Qd8d7
23.Nc3e4 Qd7xh3
24.Ne4g5 gxh5
25.Ng5e6 Rf8f6
26.Qd1d3 Qh3g4
27.Kf1 Rf6f3
28.Rc1c4 Qg4h3
29.Ke2 Ra8b8
30.Rc4c2 Qh3g4
31.Kd2 a5
32.Qd3e2 Rb8c8
33.Re1g1 Qg4xg1
34.Qe2xf3 h4
35.Rc2c1 Qg1h2
36.Rc1h1 { resign }
1-0

[Event "Tourn. n7810"]
[Site "www.chess-mail.com"]
[Date "2014.12.23"]
[Round "1"]
[White "Falcoale"]
[Black "Andychesston"]
[WhiteElo "1880"]
[BlackElo "1950"]
[Result "1-0"]
[Round "1"]
1.e4 d5
2.exd5 Qd8xd5
3.Nb1c3 Qd5e5
4.Bf1e2 Nb8c6
5.Ng1f3 Qe5f5
6.O-O Ng8f6
7.Rf1e1 e5
8.Be2d3 Qf5h5
9.Nc3e4 Bf8e7
10.Ne4xf6 Be7xf6
11.Bd3e2 Bc8g4
12.d3 Nc6d4
13.Nf3xd4 Bg4xe2
14.Nd4xe2 O-O
15.Qd1d2 Ra8d8
16.Ne2g3 Qh5h4
17.Re1e4  { time }
1-0

[Event "Tourn. n7814"]
[Site "www.chess-mail.com"]
[Date "2014.12.23"]
[Round "1"]
[White "Iko"]
[Black "Anja"]
[WhiteElo "1450"]
[BlackElo "1690"]
[Result "0-1"]
[Round "1"]
1.e4 Ng8f6
2.e5 Nf6d5
3.d4 d6
4.c4 Nd5b6
5.f4 dxe5
6.fxe5 Nb8c6
7.Ng1f3 Bc8f5
8.c5 Nb6d5
9.Bf1b5 e6
10.Qd1a4 Qd8d7
11.Bb5xc6 Qd7xc6
12.Qa4xc6 bxc6
13.Nb1c3 Bf8e7
14.O-O O-O
15.Bc1g5 Be7xg5
16.Nf3xg5 Nd5e3
17.Rf1f3 Ne3c2
18.Ra1c1 Nc2xd4
19.Rc1d1 Nd4xf3
20.gxf3 Rf8d8
21.b4 Rd8xd1
22.Nc3xd1 Ra8b8
23.a3 a5
24.Nd1e3 axb4
25.axb4 Rb8xb4
26.Kg2 Rb4b5
27.h4 Rb5xc5
28.f4 Rc5a5
29.Ne3c4 Ra5a4
30.Nc4e3 c5
31.Kg3 c4
32.h5 c3
33.Ng5f3 c2
34.Ne3xc2 Bf5xc2
35.Nf3d2 c5
36.Nd2f3 Ra4a3
37.Kg4 Bc2d1
38.Kh4 Bd1xf3
39.Kg5 h6
40.Kh4 c4
41.f5 c3
42.fxe6 fxe6
43.Kg3 c2
44.Kh4 c1Q
45.Kg3 Qc1g1
46.Kf4 Qg1g4

0-1

[Event "Tourn. n7881"]
[Site "www.chess-mail.com"]
[Date "2014.12.23"]
[Round "1"]
[White "Julian"]
[Black "Norlavuaram"]
[WhiteElo "2040"]
[BlackElo "2140"]
[Result "0-1"]
[Round "1"]
1.e4 e6
2.d4 d5
3.e5 c5
4.c3 Nb8c6
5.Ng1f3 Qd8b6
6.Bf1d3 f5
7.O-O Bc8d7
8.Nb1a3 cxd4
9.cxd4 Nc6xd4
10.Na3c2 Nd4xf3
11.Qd1xf3 Ng8e7
12.a3 Ne7g6
13.Rf1e1 Bf8e7
14.b4 O-O
15.Bc1e3 Qb6d8
16.Be3c5 b6
17.Bc5d6 Ra8c8
18.Ra1c1 Rc8c3
19.Qf3d1 Ng6f4
20.Bd3f1 Be7xd6
21.exd6 Qd8f6
22.Nc2e3 Rf8c8
23.Qd1d2 Nf4g6
24.Rc1xc3 Qf6xc3
25.Qd2xc3 Rc8xc3
26.g3 Kf8
27.h4 Ng6e5
28.Bf1g2 Ne5c4
29.Ne3xc4 Rc3xc4
30.Bg2f1 Rc4c6
31.Bf1b5 Rc6xd6
32.Bb5xd7 Rd6xd7
33.Re1xe6 Kf7
34.Re6e5 g6
35.Kf1 Kf6
36.f4 d4
37.Ke2 Rd7c7
38.Kd3 Rc7c3
39.Kxd4 Rc3xa3
40.g4 fxg4
41.Re5g5 g3
42.Kc4 h6
43.Rg5g4 Kf5
{ resign }
0-1

[Event "Tourn. n7875"]
[Site "www.chess-mail.com"]
[Date "2014.12.23"]
[Round "1"]
[White "Mitja"]
[Black "Falcoale"]
[WhiteElo "1980"]
[BlackElo "2050"]
[Result "1-0"]
[Round "1"]
1.d4 Ng8f6
2.e3 b6
3.Ng1f3 Bc8b7
4.Bf1e2 e6
5.a3 d5
6.c3 Nb8d7
7.Be2b5 c6
8.Bb5e2 c5
9.dxc5 bxc5
10.b3 Nf6e4
11.Be2b5 Ne4d6
12.Bb5a4 Bb7c8
13.Nf3e5 f6
14.Ne5xd7 Bc8xd7
15.Ba4xd7 Qd8xd7
16.O-O Bf8e7
17.Bc1b2 O-O
18.Nb1d2 Ra8d8
19.Ra1b1 Nd6b5
20.a4 Nb5d6
21.Nd2f3 Qd7c6
22.Rf1e1 e5
23.h3 Nd6f5
24.Qd1e2 Nf5d6
25.Nf3h4 f5
26.Nh4f3 Be7f6
27.Nf3d2 e4
28.Nd2f1 Nd6f7
29.Nf1g3 Qc6d7
30.Re1d1 Nf7e5
31.c4 Qd7c6
32.Ng3xf5 Rf8e8
33.Nf5g3 Ne5d3
34.Bb2xf6 Qc6xf6
35.cxd5 Rd8xd5
36.Rd1f1 g6
37.Ng3h1 Re8d8
38.Rb1d1 Qf6e6
39.f3 exf3
40.Qe2xf3 Nd3e5
41.Qf3e2 Ne5d3
42.e4 Rd5d4
43.Nh1g3 Qe6xb3
44.a5 Qb3b4
45.e5 Qb4xa5
46.e6 Qa5c7
47.e7 Rd8e8
48.Qe2e6 Kh8
49.Rf1f8 Kg7
50.Ng3f5 { resign }
1-0

[Event "Tourn. n7881"]
[Site "www.chess-mail.com"]
[Date "2014.12.23"]
[Round "1"]
[White "Bigoak"]
[Black "Falcoale"]
[WhiteElo "2010"]
[BlackElo "2070"]
[Result "1-0"]
[Round "1"]
1.e4 c5
2.c3 Nb8c6
3.d4 cxd4
4.cxd4 e6
5.Nb1c3 a6
6.Ng1f3 Bf8e7
7.g3 Ng8f6
8.Bf1g2 O-O
9.O-O b5
10.e5 Nf6d5
11.Nc3xd5 exd5
12.Bc1e3 Bc8b7
13.Qd1b3 Nc6a5
14.Qb3d3 Na5c4
15.b3 Nc4b6
16.Rf1c1 Be7a3
17.Rc1c2 d6
18.Nf3g5 g6
19.Ng5f3 Qd8d7
20.Be3h6 a5
21.Qd3e3 Rf8e8
22.Qe3f4 Qd7e6
23.Rc2c7 dxe5
24.Nf3xe5 Re8e7
25.Rc7xe7 Qe6xe7
26.Ra1e1 Qe7c7
27.Qf4f6 Ba3f8
28.Ne5g4 Nb6d7
29.Qf6g5 Qc7d8
30.Qg5xd8 Ra8xd8
31.Bh6xf8 Kxf8
32.f4 Nd7b6
33.Ng4e5 f6
34.Ne5d3 a4
35.Nd3c5 Rd8b8
36.bxa4 Nb6xa4
37.Nc5d7 { resign }
1-0

[Event "Tourn. n7955"]
[Site "www.chess-mail.com"]
[Date "2014.12.23"]
[Round "1"]
[White "Luban"]
[Black "Krasin"]
[WhiteElo "2160"]
[BlackElo "2230"]
[Result "1/2-1/2"]
[Round "1"]
1.d4 Ng8f6
2.c4 g6
3.e3 Bf8g7
4.Nb1c3 d5
5.h3 O-O
6.Ng1f3 c5
7.a3 cxd4
8.exd4 Nb8c6
9.Bc1e3 Bc8f5
10.Bf1d3 dxc4
11.Bd3xc4 Nf6e4
12.O-O Ne4xc3
13.bxc3 Ra8c8
14.Ra1c1 Qd8a5
15.Qd1b3 Qa5d8
16.Bc4e2 Nc6a5
17.Qb3a2 Bf5e6
18.c4 Na5xc4
19.Be2xc4 Rc8xc4
20.Rc1xc4 b5
21.Rf1c1 Be6xc4
22.Qa2c2 Qd8a5
23.a4 a6
24.axb5 Bc4xb5
25.d5 Qa5a3
26.Be3c5 Qa3b2
27.Bc5xe7 Qb2xc2
28.Rc1xc2 Rf8e8
29.d6 Bg7f8
30.Rc2c7 Bf8xe7
31.dxe7 f6
32.Nf3d4 Kf7
33.Nd4xb5 { draw }
1/2-1/2

[Event "Tourn. n7887"]
[Site "www.chess-mail.com"]
[Date "2014.12.23"]
[Round "1"]
[White "A27l"]
[Black "Fkarpov"]
[WhiteElo "1420"]
[BlackElo "1499"]
[Result "0-1"]
[Round "1"]
1.Ng1f3 h6
2.e4 e6
3.Bf1e2 c5
4.O-O Bf8e7
5.c4 Nb8c6
6.h3 d6
7.d3 Be7f6
8.Nf3h2 e5
9.Be2g4 Ng8e7
10.Bg4xc8 Ra8xc8
11.Nb1c3 a6
12.Nc3d5 Ne7xd5
13.cxd5 Nc6e7
14.Nh2g4 Ne7g8
15.Ng4xf6 Ng8xf6
16.Bc1e3 O-O
17.b3 b6
 { time }
0-1

[Event "Tourn. n7935"]
[Site "www.chess-mail.com"]
[Date "2014.12.23"]
[Round "1"]
[White "Krasin"]
[Black "Apdash"]
[WhiteElo "2210"]
[BlackElo "2170"]
[Result "0-1"]
[Round "1"]
1.e4 c5
2.Ng1f3 Nb8c6
3.Bf1b5 d6
4.d4 cxd4
5.Nf3xd4 Bc8d7
6.Bb5xc6 bxc6
7.O-O c5
8.Nd4f5 g6
9.Nf5e3 Bf8g7
10.Nb1c3 Ng8f6
11.f4 O-O
12.Qd1f3 Qd8b6
13.Ne3d5 Nf6xd5
14.Nc3xd5 Qb6d8
15.c3 e6
16.Nd5e3 Bd7c6
17.Ne3g4 f5
18.Ng4f2 Qd8b6
19.Rf1d1 Ra8d8
20.a4 a5
21.Qf3e3 fxe4
22.Nf2xe4 e5
23.fxe5 Bg7xe5
24.Ne4g5 Rd8e8
25.Qe3h3 Re8e7
26.Ng5f3 Bc6xf3
27.gxf3 Re7f7
28.f4 Be5xf4
29.Bc1xf4 Rf7xf4
30.Qh3e6 Kg7
31.Rd1xd6 Qb6xb2
32.Qe6e5 Kh6
33.Qe5e1 Rf4f1
34.Qe1xf1 Rf8xf1
35.Ra1xf1 Qb2xc3
36.Rd6d7 Qc3e3
37.Kh1 Qe3e4
{ resign }
0-1

[Event "Tourn. n7776"]
[Site "www.chess-mail.com"]
[Date "2014.12.23"]
[Round "1"]
[White "Azulmarino"]
[Black "Robwally"]
[WhiteElo "1550"]
[BlackElo "1459"]
[Result "0-1"]
[Round "1"]
1.e4 e5
2.Ng1f3 Nb8c6
3.Bf1b5 a6
4.Bb5xc6 dxc6
5.Nf3xe5 Qd8d4
6.Qd1h5 Qd4xe4
7.Kf1 Qe4f5
8.Qh5xf5 Bc8xf5
9.d3 Bf8d6
10.Ne5f3 Ng8f6
11.Bc1e3 O-O
12.Be3d4 Bd6e7
13.Nb1c3 Ra8e8
14.Nc3e2 Nf6d5
15.a3 c5
16.Bd4e5 Be7d6
17.Be5xd6 cxd6
18.Ra1e1 b5
19.d4 Bf5xc2
20.dxc5 dxc5
21.Re1c1 Bc2d3
22.Rc1xc5 Bd3xe2
23.Kg1 Be2xf3
24.gxf3 Re8e1
25.Kg2 Re1xh1
26.Kxh1 Nd5f4
27.b4 Nf4d3
28.Rc5c2 h6
29.Kg2 Nd3e1
30.Kg3 Ne1xc2
{ resign }
0-1

[Event "Tourn. n7858"]
[Site "www.chess-mail.com"]
[Date "2014.12.23"]
[Round "1"]
[White "Mitja"]
[Black "Anja"]
[WhiteElo "1970"]
[BlackElo "1850"]
[Result "0-1"]
[Round "1"]
1.d4 Ng8f6
2.e3 c5
3.dxc5 e6
4.c3 Bf8xc5
5.Nb1d2 O-O
6.Nd2b3 Bc5b6
7.Bf1d3 d5
8.Bd3c2 Nb8c6
9.Ng1f3 Qd8d6
10.h3 Bc8d7
11.Nb3d4 a6
12.Nd4xc6 Bd7xc6
13.Nf3d4 Bc6d7
14.b3 Ra8c8
15.Bc1b2 Rf8e8
16.O-O e5
17.Nd4f3 Bb6c7
18.Rf1e1 e4
19.Nf3d4 Qd6h2
20.Kf1 Qh2h1
21.Ke2 Qh1xg2
22.Re1g1 Qg2xh3
23.Kd2 Nf6g4
24.Qd1e2 Ng4e5
25.Rg1h1 Qh3g4
26.Qe2f1 Ne5f3
27.Nd4xf3 Qg4xf3
28.Bc2d1 Qf3f6
29.Ra1b1 Bc7e5
30.Rb1c1 Bd7b5
31.Bd1e2 Bb5xe2
32.Qf1xe2 Rc8c6
33.Qe2h5 h6
34.Bb2a1 Re8c8
35.Qh5g4 Qf6xf2
{ resign }
0-1